00561 2200217 4500001002100000005001500021035002000036007000300056008004100059020002200100082001100122084001700133100001800150245004100168250001300209260004000222300003400262600000900296990001900305990001900324INLIS00000000000353920210615085534 a0010-0621000071ta210615 0  a978-602-97501-3-3 a551.46 a551.46 ELL m0 aEllen Tjandra1 aMengenal Laut Lepas /cEllen Tjandra a--Cet--1 a--Bogor :bCita Insan Madani,c2011 aiv, 60 hlm. :bilus. ;c25 cm 4aAlam a649/S/KAPD.PDG a650/S/KAPD.PDG